00285nam a2200109Ia 4500008004100000041001200041082001100053100002000064245007900084260000600163650000600169221030s9999 xx 000 0 und d aEnglish a105.23 aJ. L. Antonakos 3aAn Introduction to the Intel Family of Mircoprocessorscby J. L. Antonakos c0 aB